<?xml version="1.0" encoding="UTF-8"?>
<record
    xmlns:xsi="http://www.w3.org/2001/XMLSchema-instance"
    xsi:schemaLocation="http://www.loc.gov/MARC21/slim http://www.loc.gov/standards/marcxml/schema/MARC21slim.xsd"
    xmlns="http://www.loc.gov/MARC21/slim">

  <leader>00997    a2200217   4500</leader>
  <controlfield tag="001">122676</controlfield>
  <datafield tag="020" ind1=" " ind2=" ">
    <subfield code="a">8447328791</subfield>
  </datafield>
  <datafield tag="040" ind1=" " ind2=" ">
    <subfield code="c">Escola Canadense de Niteroi</subfield>
  </datafield>
  <datafield tag="090" ind1=" " ind2=" ">
    <subfield code="a">VER</subfield>
  </datafield>
  <datafield tag="100" ind1=" " ind2=" ">
    <subfield code="a">Verne, J&#xFA;lio</subfield>
  </datafield>
  <datafield tag="245" ind1="1" ind2="0">
    <subfield code="a">A volta ao mundo em oitenta dias</subfield>
  </datafield>
  <datafield tag="260" ind1=" " ind2=" ">
    <subfield code="a">Barcelona</subfield>
  </datafield>
  <datafield tag="362" ind1="0" ind2=" ">
    <subfield code="a">2003</subfield>
  </datafield>
  <datafield tag="490" ind1="0" ind2=" ">
    <subfield code="a">Biblioteca J&#xFA;lio Verne</subfield>
  </datafield>
  <datafield tag="520" ind1=" " ind2=" ">
    <subfield code="a">O ingl&#xEA;s Phileas Fogg, juntamente com o leal Jean Passepartout, embarcam numa das maiores aventuras da literatura, na qual cada hora &#xE9; crucial para vencer os desafios que v&#xE3;o aparecendo. A empreitada seria inimagin&#xE1;vel sem os progressos tecnol&#xF3;gicos da revolu&#xE7;&#xE3;o industrial. A cada p&#xE1;gina, a dupla utiliza um novo meio de transporte, seja uma travessia de barco a vapor, uma viagem de trem, um trecho de bote, outro de tren&#xF3;, enquanto passam por lugares ex&#xF3;ticos e muitas vezes inexplorados.</subfield>
  </datafield>
  <datafield tag="650" ind1=" " ind2="4">
    <subfield code="a">Literatura Infanto Juvenil</subfield>
  </datafield>
  <datafield tag="650" ind1=" " ind2="4">
    <subfield code="a">Viagens</subfield>
  </datafield>
  <datafield tag="650" ind1=" " ind2="4">
    <subfield code="a">Jornada</subfield>
  </datafield>
  <datafield tag="650" ind1=" " ind2="4">
    <subfield code="a">A&#xE7;&#xE3;o ou Aventura </subfield>
  </datafield>
  <datafield tag="942" ind1=" " ind2=" ">
    <subfield code="c">BK</subfield>
  </datafield>
  <datafield tag="952" ind1=" " ind2=" ">
    <subfield code="0">0</subfield>
    <subfield code="1">0</subfield>
    <subfield code="4">0</subfield>
    <subfield code="7">0</subfield>
    <subfield code="a">80.1</subfield>
    <subfield code="b">80.1</subfield>
    <subfield code="d">2024-02-09</subfield>
    <subfield code="l">0</subfield>
    <subfield code="o">VER</subfield>
    <subfield code="p">A09214</subfield>
    <subfield code="r">2024-02-09 21:18:49</subfield>
    <subfield code="w">2024-02-09</subfield>
    <subfield code="y">BK</subfield>
  </datafield>
  <datafield tag="999" ind1=" " ind2=" ">
    <subfield code="c">122676</subfield>
    <subfield code="d">122676</subfield>
  </datafield>
</record>
